00483 2200169 4500001002100000005001500021035002000036245006800056100003200124300002600156260004300182082001300225084001900238020002200257600001700279990001700296INLIS00000000000144920260427101405 a0010-04260000331 aSudahkah Aku Jadi Orangtua Shaleh /cIhsan Baihaqi Ibnu Bukhari0 aBukhari, Ihsan Baihaqi Ibnu a144 hlm ;c13 X 20 cm aBandung :bKhazanah Intelektual,c2010 a155. 413 a155. 413 BUK s a978-979-99106-6-8 4aRumah Tangga a4810/PP/2026